00481nam a2200193Ia 4500008004100000020001800041050001400059100001600073245002400089245004700113260001500160260002400175260000900199300001500208300002700223300001000250440001900260500000800279170918s9999 xx 000 0 und d a9780439895965 bK641 2009 aKlein, Abby aReady, set, snow! / cAbby Klein ; illustrated by John McKinley. aNew York : bThe blue sky press. c2009 a94 pages : bcolored illustration ; c19cm. aReady, Freddy! a500